=LDR 00000nam 2200000 4500 =001 INLIS000000000036669 =005 20130612142437 =008 ***********************************Ind** =035 ##$$0010-061300000036669 =041 ##$$a Ind =082 ##$$a 641.8 =090 ##$$a 641.8, Che s =100 ##$$a Chendhawati =245 ##$$a Seri resep andalan Ny Liem, kue kering, Chendhawati =260 ##$$a 2006 $b Jakarta =300 ##$$a 56 hlm, ilus, 21 cm =650 ##$$a Kue-Resep =850 ##$$a NBPNMAT